000 00476nam a2200169Ia 4500
003 OSt
005 20201209145257.0
008 190216s9999||||xx |||||||||||||| ||und||
040 _coclc
082 _a894.8124
_bPAV/S
100 _aPavithran, A V
_96927
245 0 _aSandarshanagal /
_cA V Pavithran
260 _bPoorna Publication,
_aKozhikode:
_c1999.
300 _a64p
650 _aLekhanam
942 _cBK
_2ddc
_h894.8124
_iPAV/S
_k894.8124
_mPAV/S
999 _c27839
_d27839